10 Most Famous Cities in Botswana on a Map - Statistics

General Stats
  • This quiz has been taken 131 times
  • The average score is 4 of 11
Answers on the Map
Answers color-coded by a green-red scale on the quiz's map according to % correct below.
 
Answer Stats
Wiki Monthly Views Cityquiz Mention Rate Population Answers % Correct
28.01K 26.30% 246.32K Gaborone
100%
3.36K 3.44% 103.42K Francistown
69%
3.52K 1.31% 85.35K Maun
53%
1.68K 1.19% 48.03K Kanye
31%
1.58K 0.70% 55.68K Serowe
31%
1.02K 0.19% 29.77K Lobatse
29%
1.20K 0.44% 74.86K Molepolole
26%
1.02K 0.17% 42.49K Selebi-Phikwe
24%
1.99K 0.39% 9.14K Kasane
23%
1.32K 0.41% 19.01K Ghanzi
21%
0.90K 0.15% 50.32K Mochudi
18%
No matching quizzes found
Score Distribution
Percent of People with Each Score
Percentile by Number Answered
Your Score History
You have not taken this quiz